[Event "4NCL Division 2d"]
[Site "Barcelo Hotel, Hinkley Island "]
[Date "2012.04.01"]
[Round "8.46"]
[White "Elwin, Adrian G"]
[Black "Trevelyan, John"]
[Result "0-1"]
[WhiteElo "1986"]
[BlackElo "2120"]
[PlyCount "98"]
[EventDate "2012.04.01"]

1. d4 Nf6 2. c4 Nc6 3. Nc3 e5 4. d5 Ne7 5. e4 Ng6 6. Be3 Bb4 7. f3 Qe7 8. Nge2
Bc5 9. Qd2 Bxe3 10. Qxe3 d6 11. Nc1 O-O 12. Nd3 b6 13. Be2 h6 14. g3 Nd7 15. h4
Nc5 16. h5 Nh8 17. O-O-O f5 18. Rdf1 f4 19. Qf2 Nxd3+ 20. Bxd3 fxg3 21. Qxg3
Nf7 22. Rhg1 Qg5+ 23. Kc2 Qxg3 24. Rxg3 Bd7 25. Nb5 Bxb5 26. cxb5 Ng5 27. Kd2
Rf7 28. Ke3 Raf8 29. Be2 Rf4 30. Rg4 Rxg4 31. fxg4 Rxf1 32. Bxf1 Kf7 33. Bg2
Kf6 34. Kf2 Nh7 35. Kg3 Kg5 36. Bh1 Nf8 37. Bf3 Nd7 38. Bd1 Nf8 39. Be2 g6 40.
hxg6 Nxg6 41. Bc4 Nf4 42. Bf1 h5 43. gxh5 Nxh5+ 44. Kf3 Kh4 45. Bc4 Nf4 46. Bf1
Nh3 47. Bxh3 Kxh3 48. b3 Kh4 49. a3 Kh3 0-1

[Event "4NCL Division 2d"]
[Site "Barcelo Hotel, Hinkley Island "]
[Date "2012.04.01"]
[Round "8.47"]
[White "Blackburn, Suzy G"]
[Black "Majer, Chris E"]
[Result "1/2-1/2"]
[WhiteElo "1945"]
[BlackElo "2019"]
[PlyCount "68"]
[EventDate "2012.04.01"]

1. d4 Nf6 2. Nf3 c5 3. c3 b6 4. Bf4 Bb7 5. e3 e6 6. Nbd2 Be7 7. Bd3 d5 8. Bxb8
Qxb8 9. Bb5+ Kf8 10. Ne5 Qc7 11. g4 Bd6 12. f4 Ke7 13. g5 Ne4 14. Qh5 Bxe5 15.
fxe5 Nxd2 16. Kxd2 Raf8 17. Rhf1 Bc6 18. Bd3 g6 19. Qh6 Kd8 20. Rf3 Qe7 21.
Raf1 Be8 22. Rh3 Rfg8 23. Qh4 Rg7 24. Qf4 Kc7 25. a4 Kc8 26. Qf6 Qf8 27. a5 c4
28. Bc2 b5 29. e4 Bc6 30. Rh4 Rhg8 31. exd5 Bxd5 32. Be4 Qd8 33. Bxd5 Qxd5 34.
Qf3 Qxf3 1/2-1/2

[Event "4NCL Division 2d"]
[Site "Barcelo Hotel, Hinkley Island "]
[Date "2012.04.01"]
[Round "8.48"]
[White "Adebajo, Olufemi"]
[Black "Reid, Vaness"]
[Result "0-1"]
[WhiteElo "1940"]
[BlackElo "1837"]
[PlyCount "138"]
[EventDate "2012.04.01"]

1. e4 c6 2. d4 d5 3. e5 Bf5 4. Ne2 e6 5. Ng3 Bg6 6. h4 h6 7. h5 Bh7 8. Bd3 Bxd3
9. cxd3 Qb6 10. Be3 Nd7 11. O-O Rc8 12. Nd2 Qa6 13. Nb3 c5 14. Nxc5 Bxc5 15.
dxc5 Nxe5 16. Bd4 Nxd3 17. Bxg7 Rh7 18. Bd4 Qc4 19. Qg4 Ne7 20. b3 Qb4 21. a3
Qxb3 22. Rab1 Qa4 23. Rxb7 f5 24. Rxe7+ Rxe7 25. Qg6+ Kd7 26. Bf6 Qg4 27. Qxh6
Rf7 28. Qd2 Nxf2 29. Be5 Ne4 30. Qb4 Ke8 31. Qb5+ Kf8 32. Nxe4 Qxe4 33. Bd6+
Kg8 34. Qb2 Qe3+ 35. Kh2 Rh7 36. Rf3 Rxh5+ 37. Rh3 Rxh3+ 38. gxh3 f4 39. Qg2+
Kf7 40. Qg4 Qf2+ 41. Kh1 Qe1+ 42. Kh2 Qd2+ 43. Kh1 Qe1+ 44. Kh2 Qg3+ 45. Qxg3
fxg3+ 46. Kxg3 Kf6 47. Kf4 Kf7 48. h4 Rh8 49. Kg5 Rg8+ 50. Kf4 Rh8 51. Kg5 d4
52. h5 d3 53. Bf4 e5 54. Bd2 Rc8 55. Kf5 Rxc5 56. Ke4 a6 57. h6 Kg6 58. Kxd3
Rd5+ 59. Kc3 Rxd2 60. Kxd2 Kxh6 61. a4 Kg5 62. Ke3 a5 63. Ke4 Kf6 64. Ke3 Ke6
65. Ke4 Kd6 66. Ke3 Kd5 67. Kd3 Kc5 68. Ke4 Kb4 69. Kxe5 Kxa4 0-1

[Event "4NCL Division 2c"]
[Site "Barcelo Hotel, Hinkley Island "]
[Date "2012.04.01"]
[Round "8.11"]
[White "Slaby, Jerzy"]
[Black "Clarke, Brandon GI"]
[Result "1-0"]
[WhiteElo "2493"]
[BlackElo "2138"]
[PlyCount "89"]
[EventDate "2012.04.01"]

1. c4 e6 2. g3 f5 3. Bg2 Nf6 4. Nc3 Be7 5. d3 d6 6. e4 fxe4 7. dxe4 Nc6 8. h3
O-O 9. Nge2 e5 10. Be3 Qe8 11. Qd2 a6 12. g4 Qf7 13. b3 h5 14. g5 Ne8 15. h4
Bg4 16. f3 Be6 17. O-O g6 18. f4 Qh7 19. Nd5 Rc8 20. Rf2 Ng7 21. Raf1 Bg4 22.
c5 Ne6 23. cxd6 cxd6 24. Nxe7+ Qxe7 25. f5 Bxe2 26. Qxe2 Nf4 27. Bxf4 exf4 28.
fxg6 Qe5 29. Qxh5 Rc7 30. Qg4 Nd4 31. Bf3 b5 32. Rd1 Re8 33. Rfd2 Nxf3+ 34.
Qxf3 Rc3 35. Rd3 Rc6 36. Rd5 Qe6 37. Rf5 Qxe4 38. Qxf4 Qxf4 39. Rxf4 Re3 40.
Kf2 Re6 41. Rf6 Rc2+ 42. Kf3 Rc3+ 43. Kg4 Re4+ 44. Rf4 Re6 45. Rdf1 1-0

[Event "4NCL Division 2c"]
[Site "Barcelo Hotel, Hinkley Island "]
[Date "2012.04.01"]
[Round "8.12"]
[White "Pitcher, John"]
[Black "Polaczek, Richard"]
[Result "0-1"]
[WhiteElo "2205"]
[BlackElo "2377"]
[PlyCount "70"]
[EventDate "2012.04.01"]

1. e4 Nf6 2. e5 Nd5 3. d4 d6 4. c4 Nb6 5. exd6 cxd6 6. Nc3 g6 7. Be3 Bg7 8. Rc1
O-O 9. b3 Bf5 10. Be2 Nc6 11. d5 Nb4 12. Qd2 e5 13. dxe6 Bxe6 14. Nf3 Nc6 15.
Nd4 d5 16. c5 Nc8 17. O-O N8e7 18. Rfd1 Bxd4 19. Bxd4 Nf5 20. Nb5 a6 21. g4
axb5 22. gxf5 Bxf5 23. Ba1 Re8 24. Qh6 d4 25. Bxb5 Re4 26. f3 Rh4 27. Qd2 Ne5
28. Rf1 Qd5 29. Be2 h6 30. f4 Nc6 31. Bf3 Be4 32. Qf2 Rxf4 33. Bxe4 Rxe4 34. h3
Rae8 35. Rc2 R8e5 0-1

[Event "4NCL Division 2c"]
[Site "Barcelo Hotel, Hinkley Island "]
[Date "2012.04.01"]
[Round "8.13"]
[White "Ross, Chris N"]
[Black "Thomas, Nicholas"]
[Result "1/2-1/2"]
[WhiteElo "2230"]
[BlackElo "2268"]
[PlyCount "107"]
[EventDate "2012.04.01"]

1. d4 e6 2. c4 Nf6 3. Nf3 Bb4+ 4. Nbd2 b6 5. a3 Bxd2+ 6. Qxd2 Bb7 7. g3 d6 8.
Bg2 a5 9. b3 Nbd7 10. Bb2 Qe7 11. O-O O-O 12. b4 Rfb8 13. Rfd1 Qe8 14. Qd3 axb4
15. axb4 Rxa1 16. Rxa1 Ra8 17. Rxa8 Qxa8 18. Qa3 Kf8 19. Qxa8+ Bxa8 20. Nd2
Bxg2 21. Kxg2 d5 22. b5 Ke8 23. f3 Kd8 24. e4 c5 25. bxc6 Nb8 26. g4 Nxc6 27.
Kf2 Na5 28. cxd5 exd5 29. g5 Ne8 30. Ke3 Kd7 31. Kd3 Ke6 32. Ba3 Nc7 33. Nf1
Nc4 34. Bf8 g6 35. Ng3 b5 36. Ne2 f6 37. gxf6 Kxf6 38. Nf4 dxe4+ 39. fxe4 g5
40. Ne2 Nb2+ 41. Kc2 Nc4 42. Kd3 Ne6 43. Bb4 h5 44. d5 Nf4+ 45. Nxf4 gxf4 46.
Bc3+ Ke7 47. Ke2 Kd6 48. Bb4+ Kd7 49. Bc3 Kd6 50. Kf3 Kc5 51. Kxf4 b4 52. Bxb4+
Kxb4 53. Kf5 Kc5 54. Kg5 1/2-1/2

[Event "4NCL Division 2c"]
[Site "Barcelo Hotel, Hinkley Island "]
[Date "2012.04.01"]
[Round "8.14"]
[White "Mason, Donald J"]
[Black "Burrows, Martin"]
[Result "1/2-1/2"]
[WhiteElo "2227"]
[BlackElo "2152"]
[PlyCount "29"]
[EventDate "2012.04.01"]

1. e4 c5 2. d3 Nc6 3. g3 d5 4. Nd2 Nf6 5. Bg2 d4 6. Ngf3 e5 7. Nc4 Qc7 8. a4
Be7 9. O-O Be6 10. Nfd2 Nd7 11. f4 f6 12. f5 Bf7 13. a5 g5 14. Nb3 h5 15. h3
1/2-1/2

[Event "4NCL Division 2c"]
[Site "Barcelo Hotel, Hinkley Island "]
[Date "2012.04.01"]
[Round "8.15"]
[White "Batchelor, Peter J"]
[Black "Weaving, Richard"]
[Result "0-1"]
[WhiteElo "2006"]
[BlackElo "2116"]
[PlyCount "104"]
[EventDate "2012.04.01"]

1. d4 d5 2. c4 e6 3. Nc3 Nf6 4. Bg5 dxc4 5. e3 a6 6. a4 c5 7. Nf3 Nc6 8. Bxc4
Be7 9. dxc5 Qxd1+ 10. Rxd1 Bxc5 11. O-O Bb4 12. Rd3 Bxc3 13. Rxc3 Ne4 14. Rd3
f6 15. Bh4 Bd7 16. Rfd1 Rd8 17. b3 Ke7 18. Nd4 e5 19. Nxc6+ Bxc6 20. Rxd8 Rxd8
21. Rxd8 Kxd8 22. f3 Nd6 23. Bg8 e4 24. f4 Nf5 25. Bf2 h6 26. Be6 Ne7 27. Bg4
Bd5 28. Bd1 Kc7 29. Kf1 Nc6 30. Be1 Kb6 31. Ke2 Kc5 32. Kd2 Kb4 33. Kc2+ Ka3
34. Kc3 b5 35. axb5 axb5 36. b4 Nxb4 37. Kd4 Bb7 38. Bd2 Nd3 39. Bc2 b4 40.
Bxd3 exd3 41. Bc1+ Kb3 42. Kxd3 Bxg2 43. e4 Bf1+ 44. Kd2 Bb5 45. e5 fxe5 46.
fxe5 Bc4 47. h4 g5 48. hxg5 hxg5 49. Ke3 g4 50. Bd2 Ka3 51. Bc1+ Ka2 52. Kd4
Be6 0-1

[Event "4NCL Division 2c"]
[Site "Barcelo Hotel, Hinkley Island "]
[Date "2012.04.01"]
[Round "8.16"]
[White "Stepanyan, Henrik"]
[Black "Cumbers, Paul"]
[Result "1/2-1/2"]
[WhiteElo "2157"]
[BlackElo "2173"]
[PlyCount "118"]
[EventDate "2012.04.01"]

1. c4 e5 2. Nc3 d6 3. d4 exd4 4. Qxd4 Nc6 5. Qd1 g6 6. Nf3 Bg7 7. g3 Nge7 8.
Bg2 O-O 9. O-O h6 10. Nd5 Be6 11. e4 a6 12. Rb1 b5 13. b3 bxc4 14. bxc4 Rb8 15.
Be3 Rxb1 16. Qxb1 Na5 17. Qb4 Nxd5 18. cxd5 c5 19. dxc6 Nxc6 20. Qd2 Ne5 21.
Bxh6 Nxf3+ 22. Bxf3 Bxh6 23. Qxh6 Bxa2 24. h4 Bc4 25. Rc1 Bb5 26. h5 Qf6 27.
Kg2 Qg7 28. Qf4 Qe5 29. Qh6 Qg7 30. Qd2 Qf6 31. Rd1 Kg7 32. Qxd6 Bf1+ 33. Kxf1
Qxf3 34. h6+ Kg8 35. Kg1 Qh5 36. Kg2 Qxh6 37. Qxa6 Qg5 38. Qd6 Re8 39. Qd4 Qe5
40. Qxe5 Rxe5 41. f3 Ra5 42. Kf2 Kf8 43. Rd7 Kg7 44. Rd6 Kf8 45. Ke3 Ke7 46.
Rd5 Ra3+ 47. Kf4 Rb3 48. Ra5 Rc3 49. Ra7+ Ke6 50. Ra6+ Ke7 51. Kg4 Re3 52. Ra4
Re1 53. f4 Rg1 54. f5 gxf5+ 55. exf5 Kf6 56. Ra6+ Ke5 57. Ra5+ Kf6 58. Ra6+ Ke5
59. Ra7 Kf6 1/2-1/2

[Event "4NCL Division 2c"]
[Site "Barcelo Hotel, Hinkley Island "]
[Date "2012.04.01"]
[Round "8.21"]
[White "Weller, Jean-Luc"]
[Black "Cooper, John G"]
[Result "0-1"]
[WhiteElo "2074"]
[BlackElo "2351"]
[PlyCount "60"]
[EventDate "2012.04.01"]

1. d4 e6 2. e4 d5 3. Nd2 c5 4. Ngf3 Nc6 5. Bb5 cxd4 6. Nxd4 Bd7 7. Nxc6 bxc6 8.
Bd3 Qc7 9. c4 Nf6 10. Qc2 Bd6 11. g3 O-O 12. c5 Be7 13. O-O e5 14. Re1 Be6 15.
b4 a5 16. bxa5 Rxa5 17. Nb3 Ra4 18. exd5 cxd5 19. f4 e4 20. Bb5 Rb4 21. Bf1 d4
22. Qd2 Rfb8 23. Ba3 Ra4 24. Bb2 Bxc5 25. Rac1 Bxb3 26. axb3 d3+ 27. Kh1 Rxb3
28. Qe3 Rxb2 29. Rxc5 Qd7 30. Kg1 g6 0-1

[Event "4NCL Division 2c"]
[Site "Barcelo Hotel, Hinkley Island "]
[Date "2012.04.01"]
[Round "8.22"]
[White "Zeidler, Sven P"]
[Black "Arnott, Jonathan W"]
[Result "1-0"]
[WhiteElo "2279"]
[BlackElo "2191"]
[PlyCount "99"]
[EventDate "2012.04.01"]

1. e4 e6 2. d4 d5 3. exd5 exd5 4. Nf3 Bd6 5. c4 Nf6 6. Nc3 O-O 7. cxd5 Nbd7 8.
Bg5 h6 9. Bh4 g5 10. Bg3 Nb6 11. Ne5 Nbxd5 12. Bc4 Be6 13. Qb3 Re8 14. O-O Nxc3
15. bxc3 Bxe5 16. Bxe5 Bxc4 17. Qxc4 Nd5 18. Rab1 Nb6 19. Qb3 c5 20. f4 c4 21.
Qc2 Qe7 22. fxg5 hxg5 23. Rf6 Nd5 24. Rh6 f6 25. Qg6+ Qg7 26. Rxb7 Qxg6 27.
Rxg6+ Kh8 28. Bxf6+ Nxf6 29. Rxf6 Re1+ 30. Kf2 Rc1 31. Rh6+ Kg8 32. Rg6+ Kh8
33. Rxg5 Rxc3 34. Rf7 Rc2+ 35. Kf3 Rxa2 36. Rff5 Rb8 37. Rc5 Rb3+ 38. Ke4 Re2+
39. Kd5 c3 40. Rg3 Rbb2 41. Kc4 Rb7 42. Kxc3 Ra2 43. Rh5+ Rh7 44. Rxh7+ Kxh7
45. d5 Ra3+ 46. Kb4 Rxg3 47. hxg3 Kg6 48. Kc5 a5 49. d6 Kf7 50. Kc6 1-0

[Event "4NCL Division 2c"]
[Site "Barcelo Hotel, Hinkley Island "]
[Date "2012.04.01"]
[Round "8.23"]
[White "Shaw, Peter"]
[Black "Redmond, John P"]
[Result "1/2-1/2"]
[WhiteElo "2180"]
[BlackElo "2246"]
[PlyCount "165"]
[EventDate "2012.04.01"]
[WhiteTeam "White Rose 2"]
[BlackTeam "South Wales Dragons"]

1. d4 e6 2. c4 d5 3. Nc3 c6 4. e3 Nd7 5. Nf3 f5 6. Bd3 Nh6 7. Qc2 Bd6 8. Bd2
O-O 9. Ne2 Nf6 10. Ne5 Ne4 11. f3 Nxd2 12. Qxd2 Bxe5 13. dxe5 dxc4 14. Bc2 Qc7
15. Qc3 b5 16. f4 Ng4 17. h3 b4 18. Qd2 Rd8 19. Nd4 Nh6 20. Qxb4 c5 21. Qxc4
Qe7 22. Nf3 a5 23. Kf2 Bb7 24. Rhd1 Bd5 25. Qc3 Nf7 26. Bb3 Be4 27. Rxd8+ Rxd8
28. Rd1 Rxd1 29. Bxd1 Qd8 30. Bb3 Qb6 31. Qd2 h6 32. Qd7 Nd8 33. Qe8+ Kh7 34.
Nh4 Qb5 35. Qg6+ Kh8 36. Qe8+ Kh7 37. Qxd8 c4 38. Bd1 Qxb2+ 39. Ke1 c3 40. Qd4
Qc1 41. Kf2 Qb2+ 42. Kg3 c2 43. Qxb2 cxd1=Q 44. Qf2 Bd5 45. Kh2 Qa4 46. Qg3
Bxa2 47. Qg6+ Kg8 48. e4 fxe4 49. f5 Qb5 50. g3 Qd7 51. fxe6 Bxe6 52. Qxe4 Qd2+
53. Kg1 Qd5 54. Qa4 Qc5+ 55. Kg2 Bd5+ 56. Kf1 Bc4+ 57. Kg2 Bd5+ 58. Kf1 Qc4+
59. Qxc4 Bxc4+ 60. Ke1 Kf7 61. Nf5 Be6 62. Nd6+ Ke7 63. h4 Bf7 64. Ne4 a4 65.
Kd2 a3 66. Kc3 a2 67. Kb2 Be6 68. Nc5 Kf7 69. Nb7 Kg6 70. Nd6 Bd7 71. Kxa2 Kh5
72. Kb3 Kg4 73. Kc4 Kxg3 74. Kd5 Kxh4 75. e6 Bxe6+ 76. Kxe6 Kg4 77. Nf5 h5 78.
Nxg7 h4 79. Nf5 h3 80. Ne3+ Kf3 81. Nf1 Kf2 82. Nh2 Kg2 83. Ng4 1/2-1/2

[Event "4NCL Division 2c"]
[Site "Barcelo Hotel, Hinkley Island "]
[Date "2012.04.01"]
[Round "8.24"]
[White "James, David J"]
[Black "Burnett, Jim"]
[Result "1-0"]
[WhiteElo "2133"]
[BlackElo "2136"]
[PlyCount "45"]
[EventDate "2012.04.01"]

1. Nf3 d5 2. d4 c6 3. c4 e6 4. Bg5 Nf6 5. Nbd2 Nbd7 6. e3 Be7 7. Bd3 O-O 8. O-O
c5 9. cxd5 Nxd5 10. Bxe7 Qxe7 11. Rc1 b6 12. Ne4 f5 13. Ng3 Nb4 14. Bc4 Ba6 15.
a3 Bxc4 16. Rxc4 Na6 17. dxc5 Ndxc5 18. b4 Nb7 19. Qc2 Nd6 20. Rc6 Rad8 21. Rc1
Rd7 22. Ne5 Rb7 23. Qd3 1-0

[Event "4NCL Division 2c"]
[Site "Barcelo Hotel, Hinkley Island"]
[Date "2012.04.01"]
[Round "8.21"]
[White "Weller, Jean-Luc"]
[Black "Cooper, John G"]
[Result "1/2-1/2"]
[WhiteElo "2074"]
[BlackElo "2351"]
[PlyCount "83"]
[EventDate "2012.04.01"]

1. d4 d5 2. c4 e6 3. Nc3 c5 4. cxd5 exd5 5. Nf3 Nc6 6. g3 Nf6 7. Bg2 Be7 8. O-O
O-O 9. dxc5 Bxc5 10. Na4 Be7 11. Be3 Bg4 12. Rc1 Re8 13. h3 Bxf3 14. Bxf3 Qd7
15. Bg2 Rad8 16. Bd4 Ne4 17. e3 Nxd4 18. exd4 Bg5 19. Nc5 Qb5 20. Nxe4 dxe4 21.
Rc5 Qxc5 22. dxc5 Rxd1 23. Rxd1 f5 24. Rd7 Re7 25. Rxe7 Bxe7 26. b4 Kf7 27. f3
e3 28. Kf1 f4 29. gxf4 a5 30. a3 axb4 31. axb4 Ke6 32. Ke2 Kd5 33. f5 Kc4 34.
f4 Kxb4 35. Bxb7 Bxc5 36. Kd3 Kb5 37. Bf3 Kb6 38. Ke4 Kc7 39. Kd5 Bb4 40. Ke6
Bc3 41. h4 h6 42. h5 1/2-1/2

[Event "4NCL Division 2c"]
[Site "Barcelo Hotel, Hinkley Island "]
[Date "2012.04.01"]
[Round "8.26"]
[White "Smith, Jeff R"]
[Black "Lewyk, Ihor"]
[Result "1/2-1/2"]
[WhiteElo "2165"]
[BlackElo "2091"]
[PlyCount "26"]
[EventDate "2012.04.01"]

1. e4 d5 2. exd5 Nf6 3. d4 Nxd5 4. c4 Nb6 5. Nc3 e5 6. dxe5 Qxd1+ 7. Nxd1 Nc6
8. f4 Be6 9. Ne3 Bb4+ 10. Kf2 Bc5 11. Nf3 Nxc4 12. b3 Nxe3 13. Bxe3 Bxe3+
1/2-1/2

[Event "4NCL Division 2c"]
[Site "Barcelo Hotel, Hinkley Island "]
[Date "2012.04.01"]
[Round "8.27"]
[White "Archer, Richard"]
[Black "Jameson, David"]
[Result "1/2-1/2"]
[WhiteElo "2014"]
[BlackElo "2076"]
[PlyCount "86"]
[EventDate "2012.04.01"]

1. d4 Nf6 2. Nf3 e6 3. Bf4 b6 4. e3 Bb7 5. Be2 c5 6. c3 Be7 7. h3 O-O 8. O-O d5
9. Re1 Nc6 10. Nbd2 Rc8 11. Ne5 Nxe5 12. dxe5 Ne4 13. Nxe4 dxe4 14. Qc2 Qc7 15.
Red1 Rfd8 16. c4 Bc6 17. b3 a6 18. a4 h6 19. Rxd8+ Rxd8 20. Rd1 Kf8 21. f3
Rxd1+ 22. Qxd1 Qb7 23. Bg3 exf3 24. Bxf3 Ke8 25. Bxc6+ Qxc6 26. Qd3 g6 27. Be1
Bd8 28. Bc3 Bc7 29. Bb2 Qd7 30. Qxd7+ Kxd7 31. Kf2 Kc6 32. Kf3 b5 33. Bc3 b4
34. Bb2 Kd7 35. Ke4 Bd8 36. g3 Ke8 37. Kf3 Kf8 38. Bc1 Bc7 39. e4 Bxe5 40.
Bxh6+ Ke7 41. Be3 Kd6 42. g4 Bf6 43. Bf4+ e5 1/2-1/2

[Event "4NCL Division 2c"]
[Site "Barcelo Hotel, Hinkley Island "]
[Date "2012.04.01"]
[Round "8.31"]
[White "Swanson, Stephen"]
[Black "Rendle, Thomas E"]
[Result "0-1"]
[WhiteElo "2277"]
[BlackElo "2383"]
[PlyCount "120"]
[EventDate "2012.04.01"]

1. e4 e6 2. d3 d5 3. Nd2 Nf6 4. g3 Nc6 5. Bg2 Bc5 6. Ngf3 dxe4 7. dxe4 e5 8.
O-O O-O 9. c3 a5 10. h3 b6 11. Nh4 Qd3 12. Kh2 Rd8 13. Qe1 Ba6 14. Rg1 Qc2 15.
Bf3 Ne7 16. Ng2 Ng6 17. Ne3 Qd3 18. Ng4 Rd6 19. Kg2 Nxg4 20. Bxg4 Rf6 21. Nf3
h6 22. Be3 Bxe3 23. Qxe3 Qxe3 24. fxe3 Bb7 25. Rad1 Bxe4 26. Rgf1 Bc6 27. Kg1
e4 28. Nd4 Rxf1+ 29. Kxf1 Bb7 30. Nf5 Ne5 31. Be2 Kf8 32. g4 Nd3 33. Bxd3 exd3
34. Kf2 Rd8 35. Ng3 d2 36. Nf1 Rd6 37. Nxd2 Ke7 38. Ke2 Bg2 39. h4 Rg6 40. Rg1
Rxg4 41. b4 Bh3 42. Rxg4 Bxg4+ 43. Kd3 Be6 44. a3 Kd6 45. Kd4 c5+ 46. bxc5+
bxc5+ 47. Ke4 g5 48. hxg5 hxg5 49. Kf3 Ke5 50. Kg3 a4 51. Kf3 f5 52. Kg3 Bd5
53. Kf2 f4 54. exf4+ Kxf4 55. Nf1 Ke4 56. Ne3 Be6 57. Ke2 g4 58. Nd1 g3 59. Ne3
Bf7 60. Ng2 Bc4+ 0-1

[Event "4NCL Division 2c"]
[Site "Barcelo Hotel, Hinkley Island "]
[Date "2012.04.01"]
[Round "8.32"]
[White "Roberson, Peter T"]
[Black "Harley, Andrew D"]
[Result "1/2-1/2"]
[WhiteElo "2283"]
[BlackElo "2221"]
[PlyCount "45"]
[EventDate "2012.04.01"]

1. e4 e6 2. d4 d5 3. Nd2 c5 4. Ngf3 cxd4 5. exd5 Qxd5 6. Bc4 Qd6 7. O-O Nf6 8.
Nb3 Nc6 9. Nbxd4 Nxd4 10. Nxd4 a6 11. Re1 Qc7 12. Bb3 Bd6 13. Nf5 Bxh2+ 14. Kh1
O-O 15. Nxg7 Rd8 16. Qf3 Kxg7 17. Bh6+ Kg6 18. c3 Nh5 19. Bc1 Bf4 20. g4 Ng3+
21. fxg3 Bxc1 22. Raxc1 b6 23. Bc2+ 1/2-1/2

[Event "4NCL Division 2c"]
[Site "Barcelo Hotel, Hinkley Island "]
[Date "2012.04.01"]
[Round "8.33"]
[White "Byway, Paul V"]
[Black "Murphy, Hugh W"]
[Result "1-0"]
[WhiteElo "2160"]
[BlackElo "2217"]
[PlyCount "87"]
[EventDate "2012.04.01"]

1. Nf3 f5 2. c4 Nf6 3. g3 e6 4. Bg2 d5 5. O-O c6 6. d3 Be7 7. Nc3 O-O 8. e4 a5
9. exd5 exd5 10. cxd5 Nxd5 11. Qb3 Na6 12. Nxd5 Qxd5 13. Qxd5+ cxd5 14. Bg5
Bxg5 15. Nxg5 Rd8 16. Rfe1 Kf8 17. Nxh7+ Kf7 18. Ng5+ Kf6 19. f4 Nc5 20. Re5
Nxd3 21. Rxd5 Be6 22. Rb5 Rd6 23. Rxb7 Rc8 24. Rd1 Rc1 25. Rxc1 Nxc1 26. Nxe6
Rd1+ 27. Bf1 Kxe6 28. Rxg7 Nxa2 29. h4 Nb4 30. h5 Nd5 31. Kf2 Rd2+ 32. Be2 Nf6
33. h6 Rd7 34. Bc4+ Kd6 35. Rxd7+ Kxd7 36. Ke2 Ke7 37. Kd3 Kf8 38. Be6 Ne4 39.
Bxf5 Nxg3 40. Be6 Nh5 41. f5 Nf6 42. Kc4 Ng4 43. Kb5 Nxh6 44. f6 1-0

[Event "4NCL Division 2c"]
[Site "Barcelo Hotel, Hinkley Island "]
[Date "2012.04.01"]
[Round "8.34"]
[White "Purton, Ben J"]
[Black "Rosen, Daniel B"]
[Result "1-0"]
[WhiteElo "2145"]
[BlackElo "2125"]
[PlyCount "71"]
[EventDate "2012.04.01"]

1. d4 f5 2. Nc3 d5 3. Bg5 Be6 4. e3 Nd7 5. g4 fxg4 6. h3 g3 7. fxg3 Ngf6 8. Bd3
c6 9. Qf3 Bf7 10. Bf4 e6 11. g4 Bb4 12. Nge2 c5 13. a3 Ba5 14. b4 cxb4 15. axb4
Bxb4 16. O-O O-O 17. Rfb1 a5 18. Nb5 Ne8 19. Qg3 Rc8 20. c3 Be7 21. Na7 g5 22.
Nxc8 Qxc8 23. Be5 Nxe5 24. dxe5 Qc7 25. Rf1 b6 26. Rf3 Bc5 27. Nd4 Qd7 28. h4
gxh4 29. Qxh4 Bg6 30. Rxf8+ Bxf8 31. Bxg6 hxg6 32. Qg5 Kg7 33. Kg2 Be7 34. Qf4
Nc7 35. Rh1 g5 36. Qh2 1-0

[Event "4NCL Division 2c"]
[Site "Barcelo Hotel, Hinkley Island "]
[Date "2012.04.01"]
[Round "8.35"]
[White "Winfridsson, Ola"]
[Black "Varnam, Liam D"]
[Result "0-1"]
[WhiteElo "2122"]
[BlackElo "2060"]
[PlyCount "56"]
[EventDate "2012.04.01"]

1. d4 d5 2. c4 dxc4 3. Nf3 Nf6 4. Qa4+ Nc6 5. Nc3 Nd5 6. Qxc4 Nb6 7. Qd3 e5 8.
Nxe5 Nb4 9. Qd1 Qxd4 10. Qxd4 Nc2+ 11. Kd1 Nxd4 12. e3 Ne6 13. Bb5+ c6 14. Be2
Bd6 15. Nd3 O-O 16. b3 Nc5 17. Nxc5 Bxc5 18. Bd3 a5 19. Ne4 Be7 20. Bb2 f5 21.
Nd2 a4 22. Ke2 Be6 23. Rhc1 axb3 24. axb3 Nd5 25. Nf3 Nb4 26. Bc4 Bxc4+ 27.
bxc4 c5 28. Bc3 Na2 0-1

[Event "4NCL Division 2c"]
[Site "Barcelo Hotel, Hinkley Island "]
[Date "2012.04.01"]
[Round "8.36"]
[White "Lutton, J Ezra"]
[Black "McEwan, Ken B"]
[Result "1/2-1/2"]
[WhiteElo "2105"]
[BlackElo "2109"]
[PlyCount "97"]
[EventDate "2012.04.01"]

1. Nc3 d5 2. e4 d4 3. Nce2 e5 4. Ng3 Nf6 5. Bc4 Nc6 6. d3 h6 7. a3 Bd6 8. Nh5
g6 9. Nxf6+ Qxf6 10. Ne2 Be6 11. Bb5 Bd7 12. O-O g5 13. Ng3 h5 14. Nf5 Bxf5 15.
Qf3 g4 16. Qxf5 Qxf5 17. exf5 Kd7 18. f3 Rae8 19. Bd2 Rh7 20. Rae1 a6 21. Ba4
b5 22. Bb3 Ne7 23. a4 g3 24. h3 Nxf5 25. f4 Ne3 26. Bxe3 dxe3 27. fxe5 Rxe5 28.
d4 Re4 29. c3 e2 30. Rxf7+ Rxf7 31. Bxf7 h4 32. Bh5 Bf4 33. Bxe2 Kd6 34. Kf1 b4
35. Bxa6 Rxe1+ 36. Kxe1 Bc1 37. cxb4 Bxb2 38. Kd2 Bxd4 39. Kd3 Bb2 40. Bb7 Bf6
41. Kc4 c6 42. Bc8 Kc7 43. Bg4 Be7 44. Bf3 Bf8 45. a5 Be7 46. b5 cxb5+ 47. Kxb5
Kb8 48. Kb6 Bd8+ 49. Kb5 1/2-1/2

[Event "4NCL Division 2c"]
[Site "Barcelo Hotel, Hinkley Island "]
[Date "2012.04.01"]
[Round "8.37"]
[White "Goodger, Martyn"]
[Black "Cairns, Stephen"]
[Result "1-0"]
[WhiteElo "2098"]
[BlackElo "2098"]
[PlyCount "73"]
[EventDate "2012.04.01"]
[WhiteTeam "Poisoned Pawns"]
[BlackTeam "Sambuca Sharks"]

1. e4 c5 2. Nf3 Nc6 3. Bb5 g6 4. c3 Nf6 5. e5 Nd5 6. O-O Bg7 7. d4 cxd4 8. cxd4
O-O 9. Nc3 Nxc3 10. bxc3 d6 11. Re1 dxe5 12. Bxc6 bxc6 13. Nxe5 Re8 14. Bf4 c5
15. Qf3 Be6 16. dxc5 Qa5 17. c6 Bd5 18. Qe3 f6 19. Nf3 e5 20. Bh6 Bxh6 21. Qxh6
Bxf3 22. gxf3 Qxc3 23. Rac1 Qxf3 24. c7 Qg4+ 25. Kh1 Qd7 26. Red1 Qe7 27. Qh3
f5 28. Qb3+ Qf7 29. Qb7 Qf8 30. Rd7 e4 31. Qd5+ Kh8 32. Rc6 e3 33. fxe3 Qh6 34.
Qd4+ Kg8 35. Rd8 Qf8 36. Qc4+ Kh8 37. Rxa8 1-0

[Event "4NCL Division 2c"]
[Site "Barcelo Hotel, Hinkley Island "]
[Date "2012.04.01"]
[Round "8.38"]
[White "York-Andersen, Anna"]
[Black "Redman, David J"]
[Result "1/2-1/2"]
[WhiteElo "1811"]
[BlackElo "1803"]
[PlyCount "64"]
[EventDate "2012.04.01"]

1. e4 d5 2. exd5 Nf6 3. d4 Nxd5 4. c4 Nf6 5. h3 Bf5 6. Qa4+ Qd7 7. Qxd7+ Nbxd7
8. Nf3 e6 9. Be2 Be7 10. Nc3 a6 11. Bf4 Bd6 12. Ne5 Bxe5 13. dxe5 Ne4 14. Nxe4
Bxe4 15. O-O g5 16. f3 gxf4 17. fxe4 Nxe5 18. Rxf4 O-O-O 19. b3 Rd2 20. Bh5 Rg8
21. Rf2 Rxf2 22. Kxf2 Nd3+ 23. Ke3 Rg3+ 24. Bf3 Nb4 25. Kf4 Rg8 26. a3 Nd3+ 27.
Ke3 Ne5 28. Rd1 c5 29. Kf4 Nc6 30. e5 Na5 31. Rd3 h6 32. g4 Kc7 1/2-1/2

[Event "4NCL Division 2c"]
[Site "Barcelo Hotel, Hinkley Island "]
[Date "2012.04.01"]
[Round "8.41"]
[White "McMichael, Richard J"]
[Black "Holland, James P"]
[Result "1/2-1/2"]
[WhiteElo "2266"]
[BlackElo "2199"]
[PlyCount "44"]
[EventDate "2012.04.01"]

1. d4 d5 2. Nf3 c5 3. e3 Nf6 4. Bd3 Bg4 5. c3 e6 6. Nbd2 Nc6 7. O-O Bd6 8. dxc5
Bxc5 9. e4 O-O 10. Qc2 Qc7 11. exd5 exd5 12. Ng5 g6 13. Ndf3 h6 14. Nh3 Qd7 15.
Nf4 g5 16. Ne2 Bxf3 17. gxf3 Qh3 18. Ng3 Ne5 19. Be2 Rfe8 20. Qf5 Qxf5 21. Nxf5
Kh7 22. Be3 Rac8 1/2-1/2

[Event "4NCL Division 2c"]
[Site "Barcelo Hotel, Hinkley Island "]
[Date "2012.04.01"]
[Round "8.42"]
[White "Dishman, Stephen"]
[Black "Thomas, Rik H"]
[Result "1-0"]
[WhiteElo "2333"]
[BlackElo "2197"]
[PlyCount "57"]
[EventDate "2012.04.01"]

1. d4 g6 2. e4 Bg7 3. Nc3 c6 4. Nf3 d6 5. Be3 Nd7 6. Qd2 a6 7. a4 b6 8. Be2 Bb7
9. O-O b5 10. Ng5 h6 11. Nh3 Ngf6 12. f3 Nb6 13. Nf2 h5 14. f4 Bh6 15. a5 Nbd7
16. e5 dxe5 17. fxe5 Bxe3 18. Qxe3 Nd5 19. Nxd5 cxd5 20. e6 Nf6 21. exf7+ Kxf7
22. Nd3 Kg7 23. Ne5 Qe8 24. Bd3 Rh6 25. Rae1 Rc8 26. Nxg6 Rxg6 27. Qxe7+ Qf7
28. Bxg6 Kxg6 29. Rxf6+ 1-0